Szállodaipar – The Amberlyn Suite Hotel

Bibliográfiai részletek
Szerző: Kollár Csilla Tünde
További közreműködők: Rézmányi Zsolt
Dokumentumtípus: Projektmunka
Kulcsszavak:21. század
munkaelemzés
szállodaipar
szállodák
turizmus
Online Access:http://dolgozattar.uni-bge.hu/59910

MARC

LEADER 00000nnm a2200000 i 4500
001 dolg59910
005 20260409145731.0
008 260409suuuu hu o 000 hun d
040 |a BGE Dolgozattár Repozitórium  |b hun 
041 |a hu 
100 1 |a Kollár Csilla Tünde 
245 1 0 |a Szállodaipar – The Amberlyn Suite Hotel  |c Kollár Csilla Tünde  |h [elektronikus dokumentum] 
516 |a Project_work 
520 3 |a ÖsszefoglalóA dolgozat célja, hogy átfogó bemutatást adjon gyakorlati tapasztalatok alapján,a The Amberlyn Suite Hotel példáján keresztüla szállodaiparon belüli közösségi szállások (hostelek) és apartmanhotelek működési sajátosságairól, valamint a recepciós, mint munkakör eltérő jellemzőiről. A munkám több szempontból is elemzi a két szálláshelytípus közötti eltéréseket, mindvendégkör,szolgáltatások,térkialakítás ésmunkahelyi elvárások szempontjából is. Részletesen bemutatja a recepciós szerepkör átalakulását és bővülését,különös figyelmet fordítva az apartmanhotelek speciális működési igényeire, a vendégélmény-formálásra, valamint a Z generáció munkahelyi elvárásaira, vezetői interjú és saját munkatapasztalatok alapján.A dolgozat zárásaként megfogalmaztam a személyes szakmán belüli célkitűzéseimet és a szállodai recepciós munkakör jövőbeli trendjeit is. 
695 |a 21. század 
695 |a munkaelemzés 
695 |a szállodaipar 
695 |a szállodák 
695 |a turizmus 
700 1 |a Rézmányi Zsolt  |e ths 
856 4 0 |u http://dolgozattar.uni-bge.hu/59910/1/Szakdolgozat-KollarCsilla.pdf  |z Dokumentum-elérés 
856 4 0 |u http://dolgozattar.uni-bge.hu/59910/2/Interj%C3%BA.pdf  |z Dokumentum-elérés 
856 4 0 |u http://dolgozattar.uni-bge.hu/59910/3/Nyilatkozat.pdf  |z Dokumentum-elérés 
856 4 0 |u http://dolgozattar.uni-bge.hu/59910/4/Projektmunka%20b%C3%ADr%C3%A1lati%20lap_Koll%C3%A1r%20Csilla.pdf  |z Dokumentum-elérés